000 00264nam a22001097a 4500
082 _a004
100 _aChoubey,Santosh
_983800
245 _aInformation Technology Tools & Network Basics
260 _aBhopal
_bAisect
_c2024
650 _aComputer
942 _cC. BOOKS
999 _c68782
_d68782